000 00538nam a22001817a 4500
008 160317b xxu||||| |||| 00| 0 eng d
020 _a0393951928
040 _aKabu
_cKabu
050 _aMT6
_b.F67I6
100 _aForte, Allen
245 _aIntroduction to Schenkerian Analysis
_cAllen Forte
260 _aUSA
_bW.W Norton and Company
_c1982
300 _avii, 397p.
650 _aMusic
_xthreory
650 _aSchenker
_xHeinrich
700 _aSteven E. Gilbert
942 _2lcc
_cBK
_hMT6 .F67I6 1982 C.1
999 _c15815
_d15815